[Event "Turniej Przyjazni Polsko-Wegierskiej"]
[Site "Katowice"]
[Date "2018.05.05"]
[Round "1.14"]
[White "Socko, Monika"]
[Black "Redlich, Bogdan"]
[Result "1-0"]
[BlackElo "1625"]
[WhiteElo "2360"]
[LiveChessVersion "1.4.8"]

1. d4 {[%clk 0:14:58]} Nf6 {[%clk 0:14:56]} 2. c4 {[%clk 0:14:56]} g6
{[%clk 0:14:53]} 3. Nf3 {[%clk 0:14:50]} Bg7 {[%clk 0:14:45]} 4. g3
{[%clk 0:14:48]} d6 {[%clk 0:14:32]} 5. Bg2 {[%clk 0:14:46]} O-O {[%clk 0:14:26]}
6. O-O {[%clk 0:14:42]} Nc6 {[%clk 0:14:12]} 7. Nc3 {[%clk 0:14:39]} a6
{[%clk 0:13:30]} 8. Qc2 {[%clk 0:14:29]} e5 {[%clk 0:13:11]} 9. Rd1
{[%clk 0:13:38]} Qe7 {[%clk 0:11:50]} 10. Bg5 {[%clk 0:11:04]} exd4
{[%clk 0:10:59]} 11. Nd5 {[%clk 0:10:06]} Qd8 {[%clk 0:10:22]} 12. Qd2
{[%clk 0:09:18]} Be6 {[%clk 0:09:04]} 13. Nxd4 {[%clk 0:07:51]} Nxd4
{[%clk 0:07:22]} 14. Qxd4 {[%clk 0:07:31]} Nxd5 {[%clk 0:06:08]} 15. Qxg7+
{[%clk 0:07:28]} Kxg7 {[%clk 0:06:06]} 16. Bxd8 {[%clk 0:07:27]} Ne3
{[%clk 0:05:10]} 17. fxe3 {[%clk 0:06:56]} Raxd8 {[%clk 0:04:46]} 18. Bxb7
{[%clk 0:06:52]} Bxc4 {[%clk 0:04:28]} 19. Rdc1 {[%clk 0:05:48]} Rb8
{[%clk 0:03:21]} 20. Bf3 {[%clk 0:04:35]} Be6 {[%clk 0:02:41]} 21. b3
{[%clk 0:04:19]} c5 {[%clk 0:02:13]} 22. Rc3 {[%clk 0:04:09]} Rb6
{[%clk 0:01:53]} 23. Rd1 {[%clk 0:04:07]} Kf6 {[%clk 0:01:36]} 24. Kf2
{[%clk 0:03:49]} Ke7 {[%clk 0:01:32]} 25. e4 {[%clk 0:03:48]} Rc8
{[%clk 0:01:20]} 26. Rdc1 {[%clk 0:03:41]} Rb4 {[%clk 0:01:15]} 27. e5
{[%clk 0:03:30]} dxe5 {[%clk 0:01:11]} 28. Rxc5 {[%clk 0:03:29]} Rxc5
{[%clk 0:01:09]} 29. Rxc5 {[%clk 0:03:28]} Kf6 {[%clk 0:00:59]} 30. Ke3
{[%clk 0:03:20]} a5 {[%clk 0:00:52]} 31. Rxa5 {[%clk 0:03:17]} g5
{[%clk 0:00:51]} 32. Be4 {[%clk 0:02:57]} h5 {[%clk 0:00:49]} 33. Bd3
{[%clk 0:02:56]} h4 {[%clk 0:00:44]} 34. Rb5 {[%clk 0:02:53]} Rd4
{[%clk 0:00:40]} 35. a4 {[%clk 0:02:48]} hxg3 {[%clk 0:00:37]} 36. hxg3
{[%clk 0:02:47]} Rg4 {[%clk 0:00:35]} 37. Kf3 {[%clk 0:02:34]} Rd4
{[%clk 0:00:34]} 38. a5 {[%clk 0:02:25]} 1-0

[Event "Turniej Przyjazni Polsko-Wegierskiej"]
[Site "Katowice"]
[Date "2018.05.05"]
[Round "1.15"]
[White "Krzysztynska, Anna"]
[Black "Janik, Igor"]
[Result "0-1"]
[BlackElo "2356"]
[WhiteElo "1621"]
[LiveChessVersion "1.4.8"]

1. d4 {[%clk 0:15:18]} d6 {[%clk 0:15:19]} 2. Bf4 {[%clk 0:15:26]} g6
{[%clk 0:15:27]} 3. Nf3 {[%clk 0:15:33]} Bg7 {[%clk 0:15:36]} 4. e3
{[%clk 0:15:41]} Nf6 {[%clk 0:15:43]} 5. Be2 {[%clk 0:15:49]} c5 {[%clk 0:15:48]}
6. c3 {[%clk 0:15:56]} Nbd7 {[%clk 0:15:54]} 7. h3 {[%clk 0:16:02]} O-O
{[%clk 0:16:00]} 8. O-O {[%clk 0:16:10]} b6 {[%clk 0:16:06]} 9. a4
{[%clk 0:16:04]} a6 {[%clk 0:16:12]} 10. Na3 {[%clk 0:16:11]} Bb7
{[%clk 0:16:20]} 11. Re1 {[%clk 0:16:06]} Qc7 {[%clk 0:16:08]} 12. Rc1
{[%clk 0:14:32]} Rad8 {[%clk 0:15:58]} 13. b4 {[%clk 0:13:18]} Ne4
{[%clk 0:14:11]} 14. Nd2 {[%clk 0:12:06]} Ndf6 {[%clk 0:13:59]} 15. f3
{[%clk 0:11:38]} Nxd2 {[%clk 0:13:54]} 16. Qxd2 {[%clk 0:11:46]} e5
{[%clk 0:13:24]} 17. Bh2 {[%clk 0:11:42]} Rfe8 {[%clk 0:13:14]} 18. b5
{[%clk 0:10:57]} Bh6 {[%clk 0:12:19]} 19. Bf1 {[%clk 0:08:46]} axb5
{[%clk 0:11:07]} 20. Bxb5 {[%clk 0:08:08]} Bc6 {[%clk 0:10:49]} 21. Qb2
{[%clk 0:07:50]} Nd5 {[%clk 0:10:21]} 22. c4 {[%clk 0:03:53]} Bxe3+
{[%clk 0:09:45]} 23. Rxe3 {[%clk 0:03:54]} Nxe3 {[%clk 0:09:53]} 24. dxe5
{[%clk 0:03:34]} dxe5 {[%clk 0:09:53]} 25. Bxc6 {[%clk 0:02:12]} Qxc6
{[%clk 0:10:00]} 26. Bxe5 {[%clk 0:02:15]} Nf5 {[%clk 0:09:59]} 27. Bh8
{[%clk 0:01:35]} Nd4 {[%clk 0:09:54]} 28. Bxd4 {[%clk 0:01:37]} cxd4
{[%clk 0:10:01]} 29. Nb5 {[%clk 0:01:40]} d3 {[%clk 0:10:08]} 30. Rd1
{[%clk 0:01:45]} Qxc4 {[%clk 0:10:15]} 31. Nc3 Qd4+ {[%clk 0:10:17]} 32. Kh2
{[%clk 0:00:57]} d2 {[%clk 0:09:56]} 33. Qc2 f5 34. Qb3+ {[%clk 0:00:47]} Kh8
{[%clk 0:10:02]} 35. Nb1 {[%clk 0:00:47]} Qf4+ {[%clk 0:09:58]} 36. Kh1
{[%clk 0:00:50]} Re1+ {[%clk 0:10:03]} 0-1

[Event "Turniej Przyjazni Polsko-Wegierskiej"]
[Site "Katowice"]
[Date "2018.05.05"]
[Round "1.16"]
[White "Bednarek, Sylwester"]
[Black "Brusentsov, Danil"]
[Result "1-0"]
[BlackElo "1615"]
[WhiteElo "2343"]
[LiveChessVersion "1.4.8"]

1. e4 {[%clk 0:15:16]} Nf6 {[%clk 0:15:12]} 2. e5 {[%clk 0:15:23]} Nd5
{[%clk 0:15:22]} 3. d4 {[%clk 0:15:29]} d6 {[%clk 0:15:31]} 4. Bc4
{[%clk 0:15:30]} Nb6 {[%clk 0:15:37]} 5. Bb3 {[%clk 0:15:38]} dxe5
{[%clk 0:15:11]} 6. Qh5 {[%clk 0:15:45]} e6 {[%clk 0:14:46]} 7. dxe5
{[%clk 0:15:51]} Nc6 {[%clk 0:14:03]} 8. Nf3 {[%clk 0:13:49]} Be7
{[%clk 0:10:01]} 9. O-O {[%clk 0:13:33]} Na5 {[%clk 0:08:10]} 10. Nc3
{[%clk 0:13:01]} Nxb3 {[%clk 0:07:59]} 11. axb3 {[%clk 0:13:08]} Nd5
{[%clk 0:07:25]} 12. Ne4 {[%clk 0:12:57]} Nb4 {[%clk 0:05:06]} 13. Bg5
{[%clk 0:11:01]} Bd7 {[%clk 0:04:22]} 14. Rad1 {[%clk 0:10:32]} h6
{[%clk 0:03:08]} 15. Nc5 {[%clk 0:10:03]} Nd5 {[%clk 0:01:59]} 16. Bxe7
{[%clk 0:10:09]} Qxe7 {[%clk 0:01:58]} 17. Nxd7 {[%clk 0:10:02]} Qxd7
{[%clk 0:02:00]} 18. c4 {[%clk 0:10:09]} Nf4 {[%clk 0:01:33]} 19. Qg4
{[%clk 0:09:31]} Ne2+ {[%clk 0:01:30]} 20. Kh1 {[%clk 0:09:39]} Qe7
{[%clk 0:01:07]} 21. Rfe1 {[%clk 0:08:50]} Rd8 {[%clk 0:01:00]} 22. Qxg7
{[%clk 0:08:43]} Rf8 {[%clk 0:00:50]} 23. Rxd8+ {[%clk 0:08:51]} Qxd8
{[%clk 0:00:54]} 24. Rxe2 {[%clk 0:08:58]} Qd1+ {[%clk 0:01:01]} 25. Re1
{[%clk 0:09:06]} Qxb3 {[%clk 0:01:08]} 26. Qxh6 {[%clk 0:08:54]} Qxb2
{[%clk 0:01:08]} 27. Rd1 {[%clk 0:08:46]} Qb4 {[%clk 0:00:30]} 28. Ng5
{[%clk 0:08:17]} a5 {[%clk 0:00:26]} 29. Nh7 {[%clk 0:08:18]} Rh8
{[%clk 0:00:15]} 30. Nf6+ {[%clk 0:08:25]} Ke7 {[%clk 0:00:24]} 31. Rd7#
{[%clk 0:08:31]} 1-0

[Event "Turniej Przyjazni Polsko-Wegierskiej"]
[Site "Katowice"]
[Date "2018.05.05"]
[Round "1.17"]
[White "Czyzykiewicz, Rafal"]
[Black "Piesik, Piotr"]
[Result "0-1"]
[BlackElo "2341"]
[WhiteElo "1611"]
[LiveChessVersion "1.4.8"]

1. e4 {[%clk 0:15:19]} g6 {[%clk 0:15:19]} 2. d4 {[%clk 0:15:26]} Bg7
{[%clk 0:15:28]} 3. Nf3 {[%clk 0:15:32]} c6 {[%clk 0:15:36]} 4. Bc4
{[%clk 0:15:31]} d5 {[%clk 0:15:44]} 5. exd5 {[%clk 0:15:37]} cxd5
{[%clk 0:15:53]} 6. Bb3 {[%clk 0:15:43]} Nc6 {[%clk 0:16:01]} 7. Be3
{[%clk 0:15:02]} Bg4 {[%clk 0:15:20]} 8. c3 {[%clk 0:14:05]} Nf6 {[%clk 0:15:16]}
9. Nbd2 {[%clk 0:13:46]} O-O {[%clk 0:15:20]} 10. h3 {[%clk 0:13:37]} Bf5
{[%clk 0:15:20]} 11. O-O {[%clk 0:13:24]} b5 {[%clk 0:14:44]} 12. Ne5
{[%clk 0:12:15]} Na5 {[%clk 0:13:26]} 13. Ndf3 {[%clk 0:10:09]} Qb6
{[%clk 0:13:14]} 14. g4 {[%clk 0:08:46]} Be6 {[%clk 0:12:54]} 15. Bc2
{[%clk 0:07:27]} Nc4 {[%clk 0:12:57]} 16. Nxc4 {[%clk 0:07:28]} bxc4
{[%clk 0:13:05]} 17. Rb1 {[%clk 0:07:17]} Qa6 {[%clk 0:11:57]} 18. a4
{[%clk 0:06:46]} Rab8 {[%clk 0:11:54]} 19. b4 {[%clk 0:06:12]} cxb3
{[%clk 0:11:59]} 20. Rxb3 {[%clk 0:06:16]} Rxb3 {[%clk 0:11:59]} 21. Bxb3
{[%clk 0:06:23]} Ne4 {[%clk 0:12:06]} 22. Qa1 {[%clk 0:05:00]} Rc8
{[%clk 0:11:49]} 23. Rc1 {[%clk 0:05:00]} Qe2 {[%clk 0:09:20]} 24. Bd1
{[%clk 0:05:08]} Qd3 {[%clk 0:09:12]} 25. Ng5 {[%clk 0:01:42]} Nxc3
{[%clk 0:08:56]} 26. Nxe6 {[%clk 0:01:50]} fxe6 {[%clk 0:09:05]} 27. Qb2
{[%clk 0:01:09]} Bxd4 {[%clk 0:08:19]} 28. Bxd4 {[%clk 0:01:13]} Qxd4
{[%clk 0:08:28]} 29. Bf3 {[%clk 0:01:08]} Ne2+ {[%clk 0:08:14]} 30. Qxe2
{[%clk 0:01:16]} Rxc1+ {[%clk 0:08:22]} 31. Kg2 {[%clk 0:01:26]} Kf7
{[%clk 0:08:19]} 32. g5 {[%clk 0:01:33]} e5 {[%clk 0:07:34]} 33. Qa6
{[%clk 0:01:38]} Rc2 {[%clk 0:07:33]} 34. Qf1 {[%clk 0:00:53]} e4
{[%clk 0:07:34]} 35. Bg4 {[%clk 0:01:02]} e3 {[%clk 0:07:38]} 36. Kg3
{[%clk 0:00:54]} Rxf2 {[%clk 0:07:39]} 37. Qb5 {[%clk 0:00:40]} Qf4+
{[%clk 0:06:59]} 38. Kh4 {[%clk 0:00:48]} Rd2 0-1

[Event "Turniej Przyjazni Polsko-Wegierskiej"]
[Site "Katowice"]
[Date "2018.05.05"]
[Round "1.18"]
[White "Przybylski, Wojciech"]
[Black "Lendla, Janusz"]
[Result "1-0"]
[BlackElo "1610"]
[WhiteElo "2326"]
[LiveChessVersion "1.4.8"]

1. e4 {[%clk 0:15:16]} c5 {[%clk 0:15:16]} 2. Nf3 {[%clk 0:15:22]} Nf6
{[%clk 0:14:45]} 3. e5 {[%clk 0:15:10]} Nd5 {[%clk 0:14:52]} 4. Nc3
{[%clk 0:15:16]} e6 {[%clk 0:14:37]} 5. Bc4 {[%clk 0:14:28]} Nb6 {[%clk 0:13:42]}
6. Bd3 {[%clk 0:14:25]} d5 {[%clk 0:13:33]} 7. exd6 {[%clk 0:13:28]} Bxd6
{[%clk 0:13:30]} 8. b3 {[%clk 0:12:45]} N8d7 {[%clk 0:12:37]} 9. Bb2
{[%clk 0:12:46]} Nf6 {[%clk 0:12:36]} 10. Qe2 {[%clk 0:13:41]} Nbd7
{[%clk 0:12:15]} 11. O-O-O {[%clk 0:12:49]} b6 {[%clk 0:09:50]} 12. Nb5
{[%clk 0:09:50]} Be7 {[%clk 0:09:31]} 13. Be4 {[%clk 0:09:33]} Rb8
{[%clk 0:08:55]} 14. Nxa7 {[%clk 0:09:20]} Nxe4 {[%clk 0:08:33]} 15. Qxe4
{[%clk 0:04:27]} Bf6 {[%clk 0:08:15]} 16. Nb5 {[%clk 0:03:11]} Bxb2+
{[%clk 0:08:21]} 17. Kxb2 {[%clk 0:03:20]} Qf6+ {[%clk 0:08:23]} 18. Kb1
{[%clk 0:03:22]} O-O {[%clk 0:08:22]} 19. d4 {[%clk 0:02:45]} Bb7
{[%clk 0:08:17]} 20. Qe3 {[%clk 0:02:54]} Rfd8 {[%clk 7:48:20]} 21. Nd6
{[%clk 0:02:31]} cxd4 {[%clk 0:07:35]} 22. Rxd4 {[%clk 0:02:28]} e5
{[%clk 0:07:15]} 23. Rdd1 {[%clk 0:02:19]} Nc5 {[%clk 0:06:57]} 24. Qxe5
{[%clk 0:02:19]} Qxe5 {[%clk 0:02:40]} 25. Nxe5 {[%clk 0:02:27]} f6
{[%clk 0:02:40]} 26. Nxb7 {[%clk 0:02:24]} Rxd1+ {[%clk 0:02:39]} 27. Rxd1
{[%clk 0:02:32]} Nxb7 {[%clk 0:02:39]} 28. Nc6 {[%clk 0:02:21]} Re8
{[%clk 0:02:44]} 29. Rd2 {[%clk 0:02:17]} Re6 {[%clk 0:02:21]} 30. Nd4
{[%clk 0:02:01]} Re8 {[%clk 0:02:05]} 31. Kb2 {[%clk 0:01:55]} h5
{[%clk 0:02:12]} 32. Nf5 {[%clk 0:01:56]} Nc5 {[%clk 0:02:00]} 33. b4
{[%clk 0:01:42]} Re5 {[%clk 0:01:19]} 34. bxc5 {[%clk 0:01:11]} Rxf5
{[%clk 0:01:27]} 35. cxb6 {[%clk 0:01:12]} Rb5+ {[%clk 0:01:36]} 36. Kc3
{[%clk 0:01:14]} Rxb6 {[%clk 0:01:44]} 37. a4 {[%clk 0:01:22]} Kf7
{[%clk 0:01:52]} 38. Kc4 {[%clk 0:01:26]} Rb2 {[%clk 0:01:44]} 39. a5
{[%clk 0:01:16]} Ke7 {[%clk 0:01:50]} 40. Kc5 {[%clk 0:01:23]} Ra2
{[%clk 0:01:49]} 41. Kb6 {[%clk 0:01:30]} Rb2+ {[%clk 0:01:58]} 42. Kc7
{[%clk 0:01:37]} Ra2 {[%clk 0:02:05]} 43. Re2+ {[%clk 0:01:45]} Kf7
{[%clk 0:02:12]} 44. Kb6 {[%clk 0:01:53]} Rb2+ {[%clk 0:02:21]} 45. Ka7
{[%clk 0:02:01]} Rb5 {[%clk 0:02:24]} 46. a6 {[%clk 0:02:09]} g5 {[%clk 0:02:24]}
47. c4 {[%clk 0:02:17]} 1-0

[Event "Turniej Przyjazni Polsko-Wegierskiej"]
[Site "Katowice"]
[Date "2018.05.05"]
[Round "1.19"]
[White "Gredka, Dominika"]
[Black "Bartel, Michal"]
[Result "0-1"]
[BlackElo "2320"]
[WhiteElo "1602"]
[LiveChessVersion "1.4.8"]

1. e4 {[%clk 0:15:19]} e5 {[%clk 0:15:18]} 2. Nf3 {[%clk 0:15:28]} Nc6
{[%clk 0:15:27]} 3. Bb5 {[%clk 0:15:36]} g6 {[%clk 0:15:36]} 4. O-O
{[%clk 0:15:43]} Bg7 {[%clk 0:15:44]} 5. c3 {[%clk 0:15:47]} d6 {[%clk 0:15:53]}
6. h3 {[%clk 0:15:52]} Nge7 {[%clk 0:16:00]} 7. Re1 {[%clk 0:15:59]} O-O
{[%clk 0:16:07]} 8. d4 {[%clk 0:16:02]} Bd7 {[%clk 0:16:15]} 9. Ba4
{[%clk 0:15:53]} h6 {[%clk 0:16:15]} 10. Be3 {[%clk 0:15:30]} Kh7
{[%clk 0:16:22]} 11. Bc2 {[%clk 0:15:22]} Qe8 {[%clk 0:15:41]} 12. Nbd2
{[%clk 0:15:15]} Rd8 {[%clk 0:15:48]} 13. Nf1 {[%clk 0:15:03]} a6
{[%clk 0:15:54]} 14. Ng3 {[%clk 0:13:41]} Bc8 {[%clk 0:16:03]} 15. Qc1
{[%clk 0:13:25]} Ng8 {[%clk 0:15:26]} 16. Ba4 {[%clk 0:11:21]} Bd7
{[%clk 0:15:26]} 17. Bc2 {[%clk 0:10:27]} Qe7 {[%clk 0:14:57]} 18. Qd2
{[%clk 0:09:19]} Rfe8 {[%clk 0:14:51]} 19. Rad1 {[%clk 0:09:26]} Nf6
{[%clk 0:14:53]} 20. Qc1 {[%clk 0:09:15]} Qf8 {[%clk 0:14:50]} 21. Nh2
{[%clk 0:07:21]} d5 {[%clk 0:11:10]} 22. dxe5 {[%clk 0:05:04]} Nxe4
{[%clk 0:10:25]} 23. Nxe4 {[%clk 0:05:11]} dxe4 {[%clk 0:10:35]} 24. Bxe4
{[%clk 0:05:17]} Bxe5 {[%clk 0:10:37]} 25. Bc2 {[%clk 0:04:42]} Bg7
{[%clk 0:10:18]} 26. Nf3 {[%clk 0:04:46]} Bc8 {[%clk 0:09:57]} 27. Rxd8
{[%clk 0:04:43]} Rxd8 {[%clk 0:10:06]} 28. Bf4 {[%clk 0:04:41]} Rd7
{[%clk 0:10:04]} 29. Ba4 {[%clk 0:04:26]} b5 {[%clk 0:10:03]} 30. Bc2
{[%clk 0:04:23]} Ne7 {[%clk 0:09:32]} 31. Ne5 {[%clk 0:04:13]} Rd8
{[%clk 0:09:41]} 32. Bb3 {[%clk 0:03:21]} Nd5 {[%clk 0:09:41]} 33. Bg3
{[%clk 0:03:01]} Bb7 {[%clk 0:09:27]} 34. c4 {[%clk 0:02:25]} Nb4
{[%clk 0:08:39]} 35. Rd1 {[%clk 0:01:53]} Re8 {[%clk 0:05:44]} 36. Nf3
{[%clk 0:01:36]} Re2 {[%clk 0:03:34]} 37. Rd2 {[%clk 0:01:13]} Bxf3
{[%clk 0:01:41]} 38. gxf3 {[%clk 0:01:19]} Rxd2 {[%clk 0:01:17]} 39. Qxd2
{[%clk 0:01:28]} Nc6 {[%clk 0:01:24]} 40. cxb5 {[%clk 0:01:33]} axb5
{[%clk 0:01:33]} 41. Bxc7 {[%clk 0:01:10]} Qc8 {[%clk 0:01:30]} 42. Bg3
{[%clk 0:00:47]} Qxh3 {[%clk 0:01:23]} 43. Qd5 {[%clk 0:00:47]} Nd4
{[%clk 0:01:24]} 44. Qxf7 {[%clk 0:00:20]} Ne2# {[%clk 0:01:31]} 0-1

[Event "Turniej Przyjazni Polsko-Wegierskiej"]
[Site "Katowice"]
[Date "2018.05.05"]
[Round "1.20"]
[White "Lewicki, Miroslaw"]
[Black "Olszowski, Andrzej"]
[Result "1-0"]
[BlackElo "1600"]
[WhiteElo "2294"]
[LiveChessVersion "1.4.8"]

1. e4 {[%clk 0:15:17]} c5 {[%clk 0:15:18]} 2. Nf3 {[%clk 0:15:26]} d6
{[%clk 0:15:27]} 3. d4 {[%clk 0:15:34]} cxd4 {[%clk 0:15:35]} 4. Nxd4
{[%clk 0:15:42]} Nf6 {[%clk 0:15:44]} 5. Nc3 {[%clk 0:15:51]} Nc6
{[%clk 0:15:53]} 6. Be2 {[%clk 0:15:46]} e5 {[%clk 0:15:37]} 7. Nb3
{[%clk 0:15:34]} Be6 {[%clk 0:15:20]} 8. O-O {[%clk 0:15:40]} Be7
{[%clk 0:15:08]} 9. f4 {[%clk 0:15:29]} exf4 {[%clk 0:15:07]} 10. Bxf4
{[%clk 0:15:37]} O-O {[%clk 0:15:01]} 11. Kh1 {[%clk 0:15:27]} Ne5
{[%clk 0:15:04]} 12. Nd4 {[%clk 0:15:32]} Bc4 {[%clk 0:14:38]} 13. Bxc4
{[%clk 0:14:50]} Nxc4 {[%clk 0:14:45]} 14. Nf5 {[%clk 0:14:58]} Ne5
{[%clk 0:13:09]} 15. Nxe7+ {[%clk 0:14:09]} Qxe7 {[%clk 0:13:16]} 16. Bg5
{[%clk 0:14:18]} Qe6 {[%clk 0:12:04]} 17. Bxf6 {[%clk 0:14:22]} gxf6
{[%clk 0:12:11]} 18. Nd5 {[%clk 0:14:31]} Nd7 {[%clk 0:09:52]} 19. Nc7
{[%clk 0:13:58]} Qxe4 {[%clk 0:09:42]} 20. Nxa8 {[%clk 0:14:03]} Rxa8
{[%clk 0:09:47]} 21. Qxd6 {[%clk 0:14:10]} Qe6 {[%clk 0:09:54]} 22. Rad1
{[%clk 0:14:15]} Ne5 {[%clk 0:08:24]} 23. Qxe6 {[%clk 0:14:13]} fxe6
{[%clk 0:08:32]} 24. Rxf6 {[%clk 0:14:16]} Re8 {[%clk 0:08:36]} 25. h3
{[%clk 0:14:20]} Kg7 {[%clk 0:08:44]} 26. Rf2 {[%clk 0:14:25]} Re7
{[%clk 0:08:48]} 27. b3 Nd7 {[%clk 0:08:24]} 28. c4 {[%clk 0:14:23]} Nc5
{[%clk 0:08:26]} 29. Rd4 {[%clk 0:14:22]} e5 {[%clk 0:08:18]} 30. Rg4+
{[%clk 0:14:29]} Kh6 {[%clk 0:08:11]} 31. Kh2 {[%clk 0:14:12]} e4
{[%clk 0:07:51]} 32. Rf6+ {[%clk 0:14:05]} 1-0

[Event "Turniej Przyjazni Polsko-Wegierskiej"]
[Site "Katowice"]
[Date "2018.05.05"]
[Round "2.1"]
[White "Piorun, Kacper"]
[Black "Szczurek, Krzysztof"]
[Result "1-0"]
[BlackElo "1972"]
[WhiteElo "2639"]
[LiveChessVersion "1.4.8"]

1. d4 {[%clk 0:15:18]} Nf6 {[%clk 0:15:18]} 2. Bf4 {[%clk 0:15:24]} g6
{[%clk 0:15:15]} 3. Nc3 {[%clk 0:15:31]} d5 {[%clk 0:15:02]} 4. e3
{[%clk 0:15:35]} Bg7 {[%clk 0:15:08]} 5. h4 {[%clk 0:15:38]} O-O {[%clk 0:15:09]}
6. h5 {[%clk 0:15:38]} Nxh5 {[%clk 0:14:26]} 7. Rxh5 {[%clk 0:15:46]} gxh5
{[%clk 0:14:33]} 8. Qxh5 {[%clk 0:15:54]} e6 {[%clk 0:13:21]} 9. Bd3
{[%clk 0:15:34]} f5 {[%clk 0:13:26]} 10. Nf3 {[%clk 0:15:28]} Nc6
{[%clk 0:12:27]} 11. O-O-O {[%clk 0:15:24]} Qe8 {[%clk 0:12:25]} 12. Qh2
{[%clk 0:15:26]} Bd7 {[%clk 0:12:01]} 13. a3 {[%clk 0:14:19]} Qg6
{[%clk 0:10:33]} 14. g4 {[%clk 0:12:48]} Qxg4 {[%clk 0:09:39]} 15. Be2
{[%clk 0:12:56]} Qg6 {[%clk 0:08:49]} 16. Rg1 {[%clk 0:13:05]} Qf6
{[%clk 0:08:05]} 17. Bg5 {[%clk 0:12:53]} Qg6 {[%clk 0:07:35]} 18. Bh6
{[%clk 0:12:55]} Rf6 {[%clk 0:06:54]} 19. Bxg7 {[%clk 0:11:43]} Qxg1+
{[%clk 0:06:25]} 20. Nxg1 {[%clk 0:11:51]} Kxg7 {[%clk 0:06:34]} 21. Qxc7
{[%clk 0:11:58]} Rf7 {[%clk 0:06:39]} 22. Nh3 {[%clk 0:10:37]} Rg8
{[%clk 0:05:42]} 23. Ng5 {[%clk 0:10:19]} Re7 {[%clk 0:05:47]} 24. Qd6
{[%clk 0:10:27]} Kh6 {[%clk 0:05:27]} 25. Nxd5 {[%clk 0:10:06]} Reg7
{[%clk 0:05:01]} 26. Qh2+ {[%clk 0:10:11]} Kxg5 {[%clk 0:05:05]} 27. Qh5#
{[%clk 0:10:19]} 1-0

[Event "Turniej Przyjazni Polsko-Wegierskiej"]
[Site "Katowice"]
[Date "2018.05.05"]
[Round "2.2"]
[White "Janiszewski, Maciej"]
[Black "Socko, Bartosz"]
[Result "0-1"]
[BlackElo "2630"]
[WhiteElo "1973"]
[LiveChessVersion "1.4.8"]

1. e4 {[%clk 0:15:18]} c6 {[%clk 0:15:19]} 2. d4 {[%clk 0:15:19]} d5
{[%clk 0:15:27]} 3. e5 {[%clk 0:15:20]} Bf5 {[%clk 0:15:35]} 4. h4
{[%clk 0:15:25]} h5 {[%clk 0:15:40]} 5. Bd3 {[%clk 0:15:24]} Bxd3
{[%clk 0:15:48]} 6. Qxd3 {[%clk 0:15:33]} e6 {[%clk 0:15:56]} 7. Bg5
{[%clk 0:15:09]} Be7 {[%clk 0:16:04]} 8. Nf3 {[%clk 0:14:34]} Nd7
{[%clk 0:16:09]} 9. Nbd2 {[%clk 0:13:00]} Nh6 {[%clk 0:16:08]} 10. Bxh6
{[%clk 0:12:40]} Rxh6 {[%clk 0:16:15]} 11. c4 {[%clk 0:12:16]} dxc4
{[%clk 0:16:14]} 12. Nxc4 {[%clk 0:12:03]} Nb6 {[%clk 0:16:21]} 13. g3
{[%clk 0:10:53]} Qd5 {[%clk 0:16:20]} 14. Rc1 {[%clk 0:07:54]} O-O-O
{[%clk 0:15:25]} 15. Ke2 {[%clk 0:07:41]} Nxc4 {[%clk 0:15:17]} 16. Rxc4
{[%clk 0:07:33]} Rg6 {[%clk 0:15:15]} 17. Rhc1 {[%clk 0:07:26]} Rg4
{[%clk 0:15:10]} 18. b4 {[%clk 0:06:53]} Kb8 {[%clk 0:14:49]} 19. a4
{[%clk 0:06:56]} f6 {[%clk 0:14:50]} 20. b5 {[%clk 0:07:01]} cxb5
{[%clk 0:12:38]} 21. axb5 {[%clk 0:07:06]} fxe5 {[%clk 0:12:33]} 22. Qc3
{[%clk 0:06:17]} Qxb5 {[%clk 0:12:34]} 23. Kd1 {[%clk 0:04:21]} a6
{[%clk 0:11:05]} 24. Rc8+ {[%clk 0:04:07]} Rxc8 {[%clk 0:10:47]} 25. Qxc8+
{[%clk 0:04:15]} Ka7 {[%clk 0:10:55]} 26. Rc7 {[%clk 0:02:27]} Rxd4+
{[%clk 0:10:42]} 27. Nxd4 {[%clk 0:02:34]} Qd3+ {[%clk 0:10:49]} 0-1

[Event "Turniej Przyjazni Polsko-Wegierskiej"]
[Site "Katowice"]
[Date "2018.05.05"]
[Round "2.3"]
[White "Kempinski, Robert"]
[Black "Klepek, Witold"]
[Result "1/2-1/2"]
[BlackElo "1962"]
[WhiteElo "2583"]
[LiveChessVersion "1.4.8"]

1. d4 {[%clk 0:15:17]} Nf6 {[%clk 0:15:18]} 2. c4 {[%clk 0:15:23]} c5
{[%clk 0:15:26]} 3. d5 {[%clk 0:15:29]} b5 {[%clk 0:15:34]} 4. cxb5
{[%clk 0:15:35]} a6 {[%clk 0:15:42]} 5. bxa6 {[%clk 0:15:40]} g6 {[%clk 0:15:50]}
6. Nc3 {[%clk 0:15:46]} Bxa6 {[%clk 0:15:58]} 7. g3 {[%clk 0:15:50]} Bg7
{[%clk 0:16:01]} 8. Bg2 {[%clk 0:15:57]} d6 {[%clk 0:16:08]} 9. Nf3
{[%clk 0:16:04]} Nbd7 {[%clk 0:16:14]} 10. O-O {[%clk 0:15:48]} Nb6
{[%clk 0:16:08]} 11. Ne1 {[%clk 0:15:46]} Qd7 {[%clk 0:15:07]} 12. Nc2
{[%clk 0:15:42]} O-O {[%clk 0:13:55]} 13. Ne3 {[%clk 0:15:40]} Rfb8
{[%clk 0:13:53]} 14. Qc2 {[%clk 0:14:21]} Ng4 {[%clk 0:12:17]} 15. Nxg4
{[%clk 0:13:33]} Qxg4 {[%clk 0:12:25]} 16. b3 {[%clk 0:13:16]} Bc8
{[%clk 0:10:22]} 17. Bb2 {[%clk 0:13:05]} Bf5 {[%clk 0:10:06]} 18. Qd2
{[%clk 0:12:18]} Qb4 {[%clk 0:09:38]} 19. e4 {[%clk 0:10:59]} Nc4
{[%clk 0:08:36]} 20. bxc4 {[%clk 0:10:49]} Qxb2 {[%clk 0:08:44]} 21. Qf4
{[%clk 0:05:32]} Be5 {[%clk 0:06:18]} 22. Qh4 {[%clk 0:05:39]} Bf6
{[%clk 0:06:19]} 23. Qf4 {[%clk 0:05:33]} Be5 {[%clk 0:06:27]} 24. Qh4
{[%clk 0:05:21]} Bf6 {[%clk 0:06:35]} 25. Qf4 {[%clk 0:05:22]} Be5
{[%clk 0:05:52]} 1/2-1/2

[Event "Turniej Przyjazni Polsko-Wegierskiej"]
[Site "Katowice"]
[Date "2018.05.05"]
[Round "2.4"]
[White "Mazurov, Sergey"]
[Black "Pakleza, Zbigniew"]
[Result "1/2-1/2"]
[BlackElo "2549"]
[WhiteElo "1972"]
[LiveChessVersion "1.4.8"]

1. d4 {[%clk 0:15:15]} d6 {[%clk 0:15:19]} 2. Nf3 {[%clk 0:15:16]} Bg4
{[%clk 0:15:28]} 3. Bf4 {[%clk 0:15:13]} Nd7 {[%clk 0:15:35]} 4. h3
{[%clk 0:14:28]} Bxf3 {[%clk 0:15:43]} 5. exf3 {[%clk 0:14:36]} Ngf6
{[%clk 0:15:10]} 6. Bd3 {[%clk 0:13:30]} c5 {[%clk 0:14:30]} 7. dxc5
{[%clk 0:12:25]} Nxc5 {[%clk 0:14:35]} 8. Bb5+ {[%clk 0:11:43]} Ncd7
{[%clk 0:14:43]} 9. O-O {[%clk 0:11:50]} a6 {[%clk 0:14:51]} 10. Ba4
{[%clk 0:11:31]} b5 {[%clk 0:14:04]} 11. Bb3 {[%clk 0:11:39]} Nc5
{[%clk 0:14:13]} 12. Nc3 {[%clk 0:11:03]} e6 {[%clk 0:14:10]} 13. Re1
{[%clk 0:10:53]} Be7 {[%clk 0:13:58]} 14. Ne4 {[%clk 0:10:05]} Nxb3
{[%clk 0:13:39]} 15. axb3 {[%clk 0:10:14]} d5 {[%clk 0:13:36]} 16. Nxf6+
{[%clk 0:09:59]} Bxf6 {[%clk 0:13:43]} 17. Be5 {[%clk 0:08:54]} Bxe5
{[%clk 0:13:52]} 18. Rxe5 {[%clk 0:09:03]} O-O {[%clk 0:14:00]} 19. Qd4
{[%clk 0:08:28]} Qc7 {[%clk 0:12:16]} 20. c3 {[%clk 0:08:04]} Rfc8
{[%clk 0:12:25]} 21. f4 {[%clk 0:08:01]} Qc5 {[%clk 0:11:22]} 22. Qxc5
{[%clk 0:06:55]} Rxc5 {[%clk 0:11:30]} 23. f5 {[%clk 0:07:04]} b4
{[%clk 0:07:38]} 24. fxe6 {[%clk 0:05:34]} fxe6 {[%clk 0:07:35]} 25. Rxe6
{[%clk 0:05:08]} bxc3 {[%clk 0:07:17]} 26. bxc3 {[%clk 0:05:17]} Rxc3
{[%clk 0:07:26]} 27. Rexa6 {[%clk 0:02:59]} Rxa6 {[%clk 0:07:35]} 28. Rxa6 Rxb3
{[%clk 0:07:44]} 29. Kf1 {[%clk 0:03:03]} Kf7 {[%clk 0:07:43]} 30. Rd6
{[%clk 0:02:59]} Rb5 {[%clk 0:07:44]} 31. Ke2 {[%clk 0:03:07]} Ke7
{[%clk 0:07:52]} 32. Ra6 {[%clk 0:03:16]} Rb3 {[%clk 0:07:25]} 33. h4
{[%clk 0:03:15]} 1/2-1/2